|
|
|
|
| LEADER |
00728nab a2200181 i 4500 |
| 001 |
publ5083 |
| 005 |
20180910143130.0 |
| 008 |
150330s2012 hu o 0|| zxx d |
| 022 |
|
|
|a 1787-4637
|
| 024 |
7 |
|
|a 1974883
|2 mtmt
|
| 040 |
|
|
|a SZTE Publicatio Repozitórium
|b hun
|
| 041 |
|
|
|a zxx
|
| 100 |
1 |
|
|a Kiss Attila
|
| 245 |
1 |
4 |
|a The transmediality of the self
|h [elektronikus dokumentum] :
|b desubstantiation, fantasy and terror in and through Adrienne Kennedy’s characters /
|c Kiss Attila
|
| 260 |
|
|
|a Szeged University
|c 2012
|
| 300 |
|
|
|a online
|
| 490 |
0 |
|
|a Americana: e-journal of American studies in Hungary
|v 8 No. 1
|
| 856 |
4 |
0 |
|u http://publicatio.bibl.u-szeged.hu/5083/1/Kiss_Attila_Transmediality_of%20the%20Self.pdf
|z Dokumentum-elérés
|